| 000 | 00514nam a22001217a 4500 | ||
|---|---|---|---|
| 999 |
_c21661 _d21661 |
||
| 008 | 240916b ||||| |||| 00| 0 eng d | ||
| 100 |
_aBalganion, Eunice Joy C. _eauthor. _961096 |
||
| 245 |
_aHelping children with special needs (csen) break barriers in the inclusive classroom / _cEunice Joy C. Balganion. |
||
| 260 |
_aPhilippines; _bPublishers Association of the Philippines, Inc., _cFebruary 2018. |
||
| 300 | _aVolume 66, pages 323. | ||
| 700 |
_aBalganion, Eunice Joy C. _eauthor. _961096 |
||
| 942 |
_2ddc _cPER |
||